000 00341nam a2200133Ia 4500
005 20260328104339.0
008 260328s9999||||xx |||||||||||||| ||und||
100 _aCastro, Ricardo L.
245 0 _aRogelio Salmona :
_b Tributo /
_cRicardo L. Castro
260 _bVillegas Editores
300 _a197 p.
650 _aARQUITECTOS
942 _cBK
999 _c12024
_d12024